00419nam a2200157Ia 4500008004100000020001400041084001300055100002300068245005500091250002000146260001900166260000900185260002200194300001000216500003500226180424s9999 xx 000 0 und d a132608944 a511.8 S1 a"Svobodny, Thomas" 0aMathematical Modeling for Industry and Engineering a\\199500ENGGPSX aPrentice Hall  b1995 cEnglewood Cliffs  a534p. aincludes index and biblioraphy